Thermodynamics (Record no. 7801)

000 -LEADER
fixed length control field 00495nam a22002057a 4500
001 - CONTROL NUMBER
control field 7801
003 - CONTROL NUMBER IDENTIFIER
control field BD-DhUET
008 - FIXED-LENGTH DATA ELEMENTS--GENERAL INFORMATION
fixed length control field 141212b xxu||||| |||| 00| 0 eng d
040 ## - CATALOGING SOURCE
Transcribing agency 0
Modifying agency BD-DhUET
082 ## - DEWEY DECIMAL CLASSIFICATION NUMBER
Classification number 621.01
Item number OBE/1963
100 ## - MAIN ENTRY--PERSONAL NAME
Personal name Obert, Edward F.
245 ## - TITLE STATEMENT
Title Thermodynamics
250 ## - EDITION STATEMENT
Edition statement 2nd ed.
260 ## - PUBLICATION, DISTRIBUTION, ETC. (IMPRINT)
Place of publication, distribution, etc. New York
Name of publisher, distributor, etc. McGraw-Hill Book
Date of publication, distribution, etc. 1963
300 ## - PHYSICAL DESCRIPTION
Extent xxi,596p.
504 ## - BIBLIOGRAPHY, ETC. NOTE
Bibliography, etc Includes bibliographies
650 #0 - SUBJECT ADDED ENTRY--TOPICAL TERM
Topical term or geographic name as entry element Thermodynamics
700 ## - ADDED ENTRY--PERSONAL NAME
Personal name Gaggioli, Richard A.
942 ## - ADDED ENTRY ELEMENTS (KOHA)
Koha item type General Book
Holdings
Piece designation (barcode) Koha item type Sublocation or collection (holding branch) Copy number Not for loan Koha normalized classification for sorting Shelving location Price effective from Koha date last seen Location (home branch) Damaged status Lost status Date acquired Koha full call number Withdrawn status Source of classification or shelving scheme
6402General BookCentral Library, BUET1 621_010000000000000_OBE_1963Circulation section2014-12-122014-12-12Central Library, BUET  2014-12-12621.01/OBE/1963  
6403General BookCentral Library, BUET2 621_010000000000000_OBE_1963Circulation section2014-12-122014-12-12Central Library, BUET  2014-12-12621.01/OBE/1963  
15731General BookCentral Library, BUET3 621_010000000000000_OBE_1963Circulation section2014-12-122014-12-12Central Library, BUET  2014-12-12621.01/OBE/1963  
18703General BookCentral Library, BUET4 621_010000000000000_OBE_1963Circulation section2014-12-122014-12-12Central Library, BUET  2014-12-12621.01/OBE/1963  
18706General BookCentral Library, BUET5 621_010000000000000_OBE_1963Circulation section2014-12-122014-12-12Central Library, BUET  2014-12-12621.01/OBE/1963  
18708General BookCentral Library, BUET6 621_010000000000000_OBE_1963Circulation section2014-12-122014-12-12Central Library, BUET  2014-12-12621.01/OBE/1963  
18705General BookCentral Library, BUET7 621_010000000000000_OBE_1963Circulation section2014-12-122014-12-12Central Library, BUET  2014-12-12621.01/OBE/1963  
18702General BookCentral Library, BUET8 621_010000000000000_OBE_1963Circulation section2014-12-122014-12-12Central Library, BUET  2014-12-12621.01/OBE/1963  
18707General BookCentral Library, BUET9 621_010000000000000_OBE_1963Circulation section2015-04-122015-04-12Central Library, BUET  2015-04-12621.01/OBE/1963